| 000 | 00993nac a22002771i 4500 | ||
|---|---|---|---|
| 003 | EG-ScBUE | ||
| 005 | 20241109102522.0 | ||
| 008 | 241109t1964 nyua f b 001 0 eng d | ||
| 040 |
_aEG-ScBUE _beng _erda _cEG-ScBUE _dEG-ScBUE |
||
| 082 | 0 | 4 |
_a517 _bRUD _222 |
| 100 | 1 |
_aRudin, Walter, _eauthor. |
|
| 245 | 1 | 0 |
_aPrinciples of mathematical analysis / _cWalter Rudin, Department of Mathematics, University of Wisconsin. |
| 250 | _aSecond edition. | ||
| 264 | 1 |
_aNew York : _bMcGraw-Hill Book Company, _c[1964] |
|
| 264 | 4 | _cc1964 | |
| 300 |
_aix, 270 pages : _billustrations ; _c23 cm. |
||
| 336 |
_2rdacontent _atext _btxt |
||
| 337 |
_aunmediated _2rdamedia _bn |
||
| 338 |
_avolume _bnc _2rdacarrier |
||
| 490 | 0 | _aInternational series in pure and applied mathematics | |
| 504 | _aIncludes bibliographical references and index. | ||
| 650 | 7 |
_aMathematical analysis. _2BUEsh |
|
| 655 | _vReading book | ||
| 942 |
_cBB _2ddc |
||
| 999 |
_c3396 _d3396 |
||